00000000nam 2200000za 4500
0019.675867
003CaOODSP
00520250509155319
007cr |||||||||||
008150407|2011||||xxc|||||o    f|0| 0 por d
020 |a978-0-662-03732-3
040 |aCaOODSP|beng
043 |an-cn---
0861 |aT29-45/1-2011Por-PDF
1101 |aCanada. |bTransport Canada.
24510|aKey breakbulk ports of Canada's Atlantic Gateway |h[electronic resource]
2461 |aPrincipas portos de carga geral da porta de entrada Canadense do Altlântico
250 |a[Portuguese edition].
260 |aOttawa - Ontario : |bTransport Canada |cc2011.
300 |a4p.
546 |aText in Portuguese.
590 |a13-20-Supp|b2013-08-30
792 |tPrincipaux ports de marchandises diverses de la Porte canadienne de l'Atlantique |efre|w(CaOODSP)9.675868
85640|ahttp://publications.gc.ca|qPDF|s651 KB|uhttps://publications.gc.ca/collections/collection_2013/tc/T29-45-1-2011-por.pdf
986 |aTP 1565T